1580 1239 1112 1201 1040 1713 1505 1747 1567 1518 1112 1999 1178 1775 1191 1548 1182 1204 1478 1567 1302 1516 1084 1336 1332 1389 1606 1269 1666 1561 1314 1629 1895 1792 1238 1892 1639 1347 1671 1374 1538 1446 1151 1930 1759 1674 1599 1570 1135 1868 1720 1914 1167 1081 1945 1841 1218 1628 1001 1186 1048 1834 1163 1141 1765 1673 1769 1844 1848 1774 1380 1276 1901 1969 1462 1662 1015 1157 1899 1478 1307 1148 1738 1011 1917 1378 1398 1896 1559 1200 1019 1531 1357 1214 1987 1919 1843 1369 1058 BCNSPRNW ULIB Ver.6.0+V

เปลี่ยนเป็นภาษาไทย

Change to English
 แสดงรายละเอียดบรรณานุกรม
  กลับหน้าหลัก

Brief Record : Get Marc (ISO 2709) : E-mail record : QR code < ปิดหน้าต่าง
LEADER : 00000nam 2200000uu 4500
001    13399127666
003     ULIB
008    210317s2561||||th 000 0 tha d
020    ^a9786164558762 ^c360
060 04 ^aWZ345^bว712ห
100 0  ^aวิโรจน์ ไววานิชกิจ
245 10 ^aหลักการเขียนบทความวิชาการและบทความวิจัยทางการแพทย์และสาธารณสุข สำหรับแพทย์ พยาบาล และบุคลากรทางการแพทย์ /^cวิโรจน์ ไววานิชกิจ
250    ^aพิมพ์ครั้งที่ 1
260    ^aกรุงเทพ : ^bโรงพิมพ์แห่งจุฬาลงกรณ์มหาวิทยาลัย ,^c2561
300    ^a98 หน้า : ^bภาพประกอบ ;^c21 ซม.
650  7 ^aการเขียนโครงการวิจัย
945    ^p360^l0^i28759
945    ^p360^l0^i28760
999    ^aกัณชพร จุลอักษร
รายการนี้ยังไม่มีแท็ก
คุณยังไม่ได้ล็อกอิน คุณสามารถมีกิจกรรมร่วมกับเว็บไซต์ได้ แต่ต้องล็อกอินก่อน ::
  ล็อกอิน

รายการสื่อสารสนเทศ

ลำดับที่ ประเภท เลขเรียก/บาร์โค้ด สถานที่ สถานะ
1. หนังสือสำรอง
หนังสือสำรอง
WZ345 ว712ห ฉ.1 
  Barcode: 28759
ห้องสมุดวิทยาเขตนครสวรรค์
►หนังสือทั่วไป:l:General Books
บนชั้น
2. วิทยาศาสตร์การแพทย์ และสุขภาพ
วิทยาศาสตร์การแพทย์ และสุขภาพ
WZ345 ว712ห ฉ.2 
  Barcode: 28760
ห้องสมุดวิทยาเขตนครสวรรค์
►หนังสือทั่วไป:l:General Books
บนชั้น

รายการใกล้เคียง
    ผู้แต่ง [วิโรจน์ ไววานิชกิจ]

    หัวเรื่อง [การเขียนโครงการวิจัย]

BibComment


ยังไม่เคยถูกคอมเมนท์

คอมเมนท์ทรัพยากรรายการนี้
  คอมเมนท์: หลักการเขียนบทคว..


 Copyright 2026. Bcnsprnw @Library